Bharatiya Itihaas Sanshodhak Mandal Traimaasik:Varsh-55,Ank-1-4 (Record no. 346901)

MARC details
000 -LEADER
fixed length control field 003690000a22001450004500
005 - DATE AND TIME OF LATEST TRANSACTION
control field 20120302054907.0
040 ## - CATALOGING SOURCE
Original cataloging agency MAR
245 ## - TITLE STATEMENT
Title Bharatiya Itihaas Sanshodhak Mandal Traimaasik:Varsh-55,Ank-1-4
260 ## - PUBLICATION, DISTRIBUTION, ETC. (IMPRINT)
Place of publication, distribution, etc Pune:Bha.Iti.San.Man.,1976.
300 ## - PHYSICAL DESCRIPTION
Extent 111p.
650 ## - SUBJECT ADDED ENTRY--TOPICAL TERM
Topical term or geographic name as entry element Sankirna
650 ## - SUBJECT ADDED ENTRY--TOPICAL TERM
Topical term or geographic name as entry element Bha.Iti.San.Man.Traimaasik
650 ## - SUBJECT ADDED ENTRY--TOPICAL TERM
Topical term or geographic name as entry element Traimaasik
942 ## - ADDED ENTRY ELEMENTS (KOHA)
Koha item type Book
Holdings
Withdrawn status Lost status Damaged status Not for loan Home library Current library Date acquired Total Checkouts Barcode Date last seen Price effective from
        Institute For Oriental Study, Thane Institute For Oriental Study, Thane 12/02/2009   IOS-3711 12/02/2009 12/02/2009